100 Grootste Schrijvers van NL - Statistieken

Algemene statistieken
  • Deze quiz is 146 keer genomen
  • De gemiddelde score is 46 van 100
Antwoordstatistieken
Hint Antwoord % Correct
3 Harry Mulisch
88%
1 Gerard Reve
79%
4 Jan Wolkers
72%
6 Multatuli
70%
2 Willem Frederik Hermans
65%
15 Bordewijk
58%
5 Hella Haase
58%
30 Annie M.G. Schmidt
56%
73 Jan Terlouw
56%
36 Karel Glastra van Loon
56%
84 Paul van Loon
56%
29 Arnon Grunberg
53%
20 Herman Koch
53%
12 J. Bernlef
53%
24 Maarten 't Hart
53%
70 Ronald Giphart
53%
46 Tommy Wieringa
53%
7 Anne Frank
51%
100 Carrie Slee
51%
54 Joost Zwagerman
51%
71 Kluun
51%
13 Louis Couperus
51%
21 Remco Campert
51%
23 Tessa de Loo
51%
22 Tim Krabbé
51%
98 Wilfried de jong
51%
25 A.F.Th. van der Heijden
49%
91 Boudewijn Buch
49%
38 Godfried Bomans
49%
90 Leon de Winter
49%
10 Nescio
49%
17 Simon Vestdijk
49%
92 Adriaan van Dis
47%
14 Arthur Japin
47%
16 Frederick van Eeden
47%
69 Heere Heeresma
47%
93 Heleen van Royen
47%
26 Marga Minco
47%
31 Simon Carmiggelt
47%
74 Annejet van der Zijl
44%
8 Cees Nooteboom
44%
18 Desiderus Erasmus
44%
62 Gerrit Komrij
44%
9 Jan Kremer
44%
45 J.C. Bloem
44%
40 J.M.A. Biesheuvel
44%
47 J. Slauerhoff
44%
63 Mensje van Keulen
44%
58 P.C. Hooft
44%
72 Saskia Noort
44%
32 Simone van der Vlugt
44%
56 Willem Kloos
44%
67 Bob den Uyl
42%
66 Charlotte Mutsaers
42%
76 Connie Palmen
42%
55 E. du Perron
42%
80 Esther verhoef
42%
99 Geert Mak
42%
49 | 82 Herman Gorter
42%
44 Herman Heijermans
42%
42 Hildebrand
42%
35 Jeroen Brouwers
42%
65 Johan Huizinga
42%
77 Jules Deelder
42%
39 Kees van Kooten
42%
97 Robert Vuijsje
42%
78 Suzanne Vermeer
42%
75 Yvonne Keuls
42%
41 Anton Koolhaas
40%
37 Arthur van Schendel
40%
34 Frank Martinus Arion
40%
68 H. Brandt Corstius
40%
50 Hubert Lampo
40%
11 J.J. Voskuil
40%
95 Margriet de Moor
40%
60 Nelleke Noordervliet
40%
61 Renate Rubinstein
40%
19 Theo Thijssen
40%
27 Thomas Rosenboom
40%
86 Anna Blaman
37%
83 Belcampo
37%
53 Carry van Bruggen
37%
81 Dirk Ayelt Kooiman
37%
64 Hans Warren
37%
33 Ilja Leonard Pfeijffer
37%
52 Jacob Presser
37%
57 J.H. Donner
37%
88 Johhny van Doorn
37%
94 Lévi Weemoed
37%
48 Mano Bouzamou
37%
28 Marcellus Emants
37%
79 Doeschka Meijsing
35%
43 F. Springer
35%
85 Guus Kuijer
35%
59 H.J.A. Hofland
35%
96 Mozes Isegawa
35%
87 Nicolaas Matsier
35%
51 Rudy Kousbroek
35%
89 Cola Debrot
33%
Geen overeenkomende quizzen gevonden
Scoreverdeling
Procent van Mensen met Elke Score
Percentiel versus Aantal Correcte Antwoorden
Uw Scoregeschiedenis
U heeft deze quiz nog niet genomen